000 00525nam a22001817a 4500
005 20180411154519.0
010 _aENG-122608
020 _c250.00
_a9788184305241
035 _aEN-106140
037 _bDBAD/PUB
082 _a808.042
100 _aSinha,N.C.
245 _aRhetorics $ Prosody /
_cby N.C.Sinha
260 _c2017
_aNew Delhi
_bOcean Books (P) Ltd.
270 _a4/19 Asaf Ali Road,
_bNew Delhi
_e110002
_minfo@oceanbooks.in
300 _c22cm(Hb)
_a128P.
942 _cEN
_2ddc
_mSIN
_h808.042
999 _c151070
_d151070